Faculty of Law Library — Cairo University

Official Online Catalog

نظام التخطيط والبرمجة والموازنة / (Record no. 58493)

MARC details
000 -LEADER
fixed length control field 01325nam a2200349 i 4500
003 - CONTROL NUMBER IDENTIFIER
control field EG-GICUC
005 - DATE AND TIME OF LATEST TRANSACTION
control field 20260121154825.0
008 - FIXED-LENGTH DATA ELEMENTS--GENERAL INFORMATION
fixed length control field 260121s1976 ua ad||f |||| 00| 0 ara d
017 ## - COPYRIGHT OR LEGAL DEPOSIT NUMBER
Copyright or legal deposit number 1977/2263
020 ## - INTERNATIONAL STANDARD BOOK NUMBER
International Standard Book Number 9772860167
040 ## - CATALOGING SOURCE
Original cataloging agency EG-GICUC
Language of cataloging ara
Transcribing agency EG-GICUC
Modifying agency EG-GICUC
Description conventions rda
041 ## - LANGUAGE CODE
Language code of text/sound track or separate title ara
082 04 - DEWEY DECIMAL CLASSIFICATION NUMBER
Edition number 21
Classification number 345.5
Item number م ح . ن
092 04 - LOCALLY ASSIGNED DEWEY CALL NUMBER (OCLC)
Edition number 21
099 ## - LOCAL FREE-TEXT CALL NUMBER (OCLC)
Classification number Law1 07 345.5 م ح . ن 1976
100 0# - MAIN ENTRY--PERSONAL NAME
Personal name محمد سعيد أحمد
Relator term مترجم.
245 10 - TITLE STATEMENT
Title نظام التخطيط والبرمجة والموازنة /
Statement of responsibility, etc. ترجمة الدكتور محمد سعيد أحمد .
264 #1 - PRODUCTION, PUBLICATION, DISTRIBUTION, MANUFACTURE, AND COPYRIGHT NOTICE
Place of production, publication, distribution, manufacture القاهرة :
Name of producer, publisher, distributor, manufacturer المنظمة العربية للعلوم الإدارية ،
Date of production, publication, distribution, manufacture, or copyright notice 1976 .
300 ## - PHYSICAL DESCRIPTION
Extent 119 ؛ صفحة
Dimensions 24 سم
Other physical details إيضاحيات، رسوم بيانية ؛
336 ## - CONTENT TYPE
Source rda content
Content type term text
337 ## - MEDIA TYPE
Source rda media
Media type term Computer
338 ## - CARRIER TYPE
Source rda carrier
Carrier type term Online Resource
490 ## - SERIES STATEMENT
Series statement سلسلة الفكر الإداري المعاصر
Volume/sequential designation 4
504 ## - BIBLIOGRAPHY, ETC. NOTE
Bibliography, etc. note ببليوجرافيا: صفحة 119
650 14 - SUBJECT ADDED ENTRY--TOPICAL TERM
Topical term or geographic name entry element الأموال عامة
Source of heading or term qrmak
650 14 - SUBJECT ADDED ENTRY--TOPICAL TERM
Topical term or geographic name entry element القانون الإداري
Source of heading or term qrmak
651 1# - SUBJECT ADDED ENTRY--GEOGRAPHIC NAME
Source of heading or term qrmak
830 ## - SERIES ADDED ENTRY--UNIFORM TITLE
Uniform title سلسلة الفكر الإداري المعاصر
Volume/sequential designation 4
856 40 - ELECTRONIC LOCATION AND ACCESS
Uniform Resource Identifier <a href="https://fll.law.cu.edu.eg/fulltext/bks/B07-00117.pdf">https://fll.law.cu.edu.eg/fulltext/bks/B07-00117.pdf</a>
905 ## - Cataloger and Reviser Names
Cataloger Name: Yasmin Essam
942 ## - ADDED ENTRY ELEMENTS (KOHA)
Source of classification or shelving scheme Dewey Decimal Classification
Koha item type Books
Edition 21
Suppress in OPAC No
Holdings
Withdrawn status Lost status Source of classification or shelving scheme Materials specified (bound volume or other part) Damaged status Not for loan Collection Home library Current library Date acquired Total checkouts Full call number Barcode Date last seen Copy number Price effective from Koha item type
    Dewey Decimal Classification V4   Not for loan القانون الإداري جــــامعة القــاهرة مكتبة كلية الحقوق - المبنى الرئيسي 21.01.2026   Law1 07 345.5 م ح . ن 1976 0700117 V4, C1 B07-00117 21.01.2026 1 21.01.2026 Books

© All rights reserved — Faculty of Law, Cairo University